000 00636nam a2200217 a 4500
008
020 _a8170003776 (hbk.)
049 _aMAIN
090 _aZ699
_bNEW
245 1 0 _aNew frontiers of knowledge in information science /
_cEdited by G. Devarajan.
260 _aNew Delhi :
_bEss Ess Publications,
_c2004.
300 _a388 p. ;
_c22 cm.
504 _aIncludes bibliographical references.
500 _aIncludes index.
700 _aDevarajan, G.
907 _a.b10205858
_b03-09-09
_c20-06-06
003
005 20230123134222.0
040 _cNUST
942 _cBOOKS
_kZ699
_mNEW
999 _c162082
_d162082